000 00905nam a2200277 a 4500
999 _c41427
_d41427
001 2336080
003 OSt
005 20220106141255.0
008 820722s1980 caua b 001 0 eng
010 _a 82112441
020 _a087877050X (pbk.) :
_c$9.95
040 _aDLC
_cDLC
_dDLC
050 0 0 _aBF891
_b.A48 1980
082 0 0 _a155.282
_219
_bAME/H
100 1 _aAmend, Karen
_98992
245 1 0 _aHandwriting analysis :
_bthe complete basic book /
_cby Karen Amend & Mary S. Ruiz.
260 _aNorth Hollywood, Calif. :
_bNewcastle Pub. Co.,
_c1980.
300 _aviii, 196 p. :
_bill. ;
_c26 cm.
500 _a"A Newcastle original."
500 _aIncludes index.
504 _aBibliography: p. 182-185.
650 0 _aGraphology.
700 1 _aRuiz, Mary S.
906 _a7
_bcbc
_corignew
_d3
_encip
_f19
_gy-gencatlg
942 _2ddc
_cBK
_h155.282
_iAME/H
_k155.282
_mAME/H